Pötao, một lý thuyết về quyền lực ở người Jörai Đông Dương

Tên sách tiếng Pháp: Pötao, une théorie du pouvoir chez les Indochinois Jörai; Nghiên cứu về vấn đề chính trị của người Giarai và Pötao của người Giarai cũng như sự vận hành của quyền lực giữa những tộc người khác nhau ở khu vực Tây Nguyên...

Full description

Saved in:
Bibliographic Details
Main Author: Dournes, Jacques
Other Authors: Nguyên Ngọc
Format: Book
Language:Undetermined
Published: H. Tri thức 2018
Subjects:
Online Access:http://lrc.tdmu.edu.vn/opac/search/detail.asp?aID=2&ID=36421
Tags: Add Tag
No Tags, Be the first to tag this record!
Institutions: Trung tâm Học liệu Trường Đại học Thủ Dầu Một
LEADER 01476nam a2200217Ia 4500
001 TDMU_36421
008 210410s9999 xx 000 0 und d
082 |a 333.79323 
090 |b D435 
100 |a Dournes, Jacques 
245 0 |a Pötao, một lý thuyết về quyền lực ở người Jörai Đông Dương 
245 0 |c Jacques Dournes; Nguyên Ngọc dịch 
260 |a H. 
260 |b Tri thức 
260 |c 2018 
300 |a 650tr. 
520 |a Tên sách tiếng Pháp: Pötao, une théorie du pouvoir chez les Indochinois Jörai; Nghiên cứu về vấn đề chính trị của người Giarai và Pötao của người Giarai cũng như sự vận hành của quyền lực giữa những tộc người khác nhau ở khu vực Tây Nguyên nói chung trong tất cả chiều sâu lịch sử-văn hóa của nó, và từ đó hành động đúng trên vùng đất và người này, ở bất cứ lĩnh vực nào, trong bất cứ thời gian và hoàn cảnh nào 
650 |a Dân tộc Gia Rai (Việt Nam)  |x Văn hóa; Tây Nguyên  |z Dân tộc Gia Rai  |x Đời sống xã hội và phong tục tập quán 
700 |a Nguyên Ngọc 
856 |u http://lrc.tdmu.edu.vn/opac/search/detail.asp?aID=2&ID=36421 
980 |a Trung tâm Học liệu Trường Đại học Thủ Dầu Một